Visualizzazione normale
Vista MARC
- De Santis, Luca,
di Personal Name
Records bibliografici associati: 1
001 - CONTROL NUMBER
- control field: 60835
003 - CONTROL NUMBER IDENTIFIER
- control field:
005 - DATE AND TIME OF LATEST TRANSACTION
- control field: 20240628082540.0
008 - FIXED-LENGTH DATA ELEMENTS
- fixed length control field: 240628|| aca||aabn | a|a d
040 ## - CATALOGING SOURCE
- Original cataloging agency:
- Transcribing agency:
100 ## - HEADING--PERSONAL NAME
- Personal name: De Santis, Luca,
- Titles and other words associated with a name: o.p.,
- Dates associated with a name: 1952-
670 ## - SOURCE DATA FOUND
- Source citation: Work cat.: ()360159: Kingsbury, Jack Dean. 1934 autore 60834, Matteo :, 1998.